Arnold Schönberg und sein Gott: Bericht zum Symposium 26. - 29. Juni 2002 ; [das vierte Internationale Symposium am Arnold-Schönberg-Center widmeten wir Arnold Schönbergs Religiösität und Ethik, seiner jüdischen Identität, den Schriften zum Judentum sowie darauf Bezug nehmenden Kompositionen] = Arnold Schönberg and his god
| Subtitles: | Arnold Schönberg and his god |
|---|---|
| Corporate Authors: | ; ; |
| Contributors: | |
| Format: | Print Book |
| Language: | German English |
| Subito Delivery Service: | Order now. |
| Check availability: | HBZ Gateway |
| WorldCat: | WorldCat |
| Interlibrary Loan: | Interlibrary Loan for the Fachinformationsdienste (Specialized Information Services in Germany) |
| Published: |
Wien
Arnold Schönberg Center
2003
|
| In: |
Journal of the Arnold Schönberg Center (5)
Year: 2003 |
| Series/Journal: | Journal of the Arnold Schönberg Center
5 |
| Standardized Subjects / Keyword chains: | B
Schönberg, Arnold 1874-1951
/ Religiosity
B Faith |
| Further subjects: | B
Schönberg, Arnold
B Music Religious aspects Congresses B Schoenberg, Arnold (1874-1951) Religion Congresses B Conference program 2002 (Vienna) |
| Online Access: |
Table of Contents |
MARC
| LEADER | 00000cam a2200000 c 4500 | ||
|---|---|---|---|
| 001 | 364822112 | ||
| 003 | DE-627 | ||
| 005 | 20250324130815.0 | ||
| 007 | tu | ||
| 008 | 030619s2003 au ||||| 00| ||ger c | ||
| 010 | |a 2009498413 | ||
| 020 | |a 3902012056 |9 3-902012-05-6 | ||
| 035 | |a (DE-627)364822112 | ||
| 035 | |a (DE-576)9364822110 | ||
| 035 | |a (DE-599)GBV364822112 | ||
| 035 | |a (OCoLC)237949362 | ||
| 035 | |a (DE-605)HT014219913 | ||
| 035 | |a (DE-605)HT014222021 | ||
| 035 | |a (AT-OBV)AC04161046 | ||
| 040 | |a DE-627 |b ger |c DE-627 |e rakwb | ||
| 041 | |a ger |a eng | ||
| 044 | |c XA-AT | ||
| 050 | 0 | |a ML410 .S283 | |
| 084 | |a 9,2 |a 0 |2 ssgn | ||
| 084 | |a LP 94569 |q BVB |2 rvk |0 (DE-625)rvk/108799: | ||
| 084 | |a LP 94582 |q BSZ |2 rvk |0 (DE-625)rvk/108807: | ||
| 084 | |a 24.50 |2 bkl | ||
| 084 | |a 24.55 |2 bkl | ||
| 245 | 0 | 0 | |a Arnold Schönberg und sein Gott |b Bericht zum Symposium 26. - 29. Juni 2002 ; [das vierte Internationale Symposium am Arnold-Schönberg-Center widmeten wir Arnold Schönbergs Religiösität und Ethik, seiner jüdischen Identität, den Schriften zum Judentum sowie darauf Bezug nehmenden Kompositionen] = Arnold Schönberg and his god |c [eine Kooperation von Arnold-Schönberg-Center und Wissenschaftszentrum Arnold Schönberg der Universität für Musik und Darstellende Kunst Wien. Hrsg. und für den Inh. verantw.: Christian Meyer] |
| 246 | 3 | 1 | |a Arnold Schönberg and his god |
| 246 | 3 | 3 | |a Arnold Schönberg and his god |
| 264 | 1 | |a Wien |b Arnold Schönberg Center |c 2003 | |
| 300 | |a 390 S. |b Ill., Notenbeisp. | ||
| 336 | |a Text |b txt |2 rdacontent | ||
| 337 | |a ohne Hilfsmittel zu benutzen |b n |2 rdamedia | ||
| 338 | |a Band |b nc |2 rdacarrier | ||
| 490 | 1 | |a Journal of the Arnold Schönberg Center |v 5 | |
| 500 | |a Literaturangaben | ||
| 546 | |a Beitr. teilw. dt., teilw. engl. | ||
| 583 | 1 | |a Archivierung prüfen |c 20240324 |f DE-4165 |z 2 |2 pdager | |
| 600 | 1 | 0 | |a Schoenberg, Arnold |d 1874-1951 |x Religion |v Congresses |
| 600 | 1 | 4 | |a Schönberg, Arnold |7 (dpeaa)DE-2491 |
| 601 | |a Schönberg | ||
| 601 | |a Bericht | ||
| 601 | |a Internationale | ||
| 601 | |a Identität | ||
| 601 | |a Schrift | ||
| 601 | |a Judentum | ||
| 601 | |a Komposition | ||
| 650 | 0 | |a Music |x Religious aspects |v Congresses | |
| 655 | 7 | |a Konferenzschrift |y 2002 |z Wien |0 (DE-588)1071861417 |0 (DE-627)826484824 |0 (DE-576)433375485 |2 gnd-content | |
| 689 | 0 | 0 | |d p |0 (DE-588)118610023 |0 (DE-627)13458547X |0 (DE-576)162956940 |2 gnd |a Schönberg, Arnold |d 1874-1951 |
| 689 | 0 | 1 | |d s |0 (DE-588)4049428-7 |0 (DE-627)10618704X |0 (DE-576)209082011 |2 gnd |a Religiosität |
| 689 | 0 | |5 DE-101 | |
| 689 | 1 | 0 | |d s |0 (DE-588)4071867-0 |0 (DE-627)104707917 |0 (DE-576)209185139 |2 gnd |a Glaube |
| 689 | 1 | |5 (DE-627) | |
| 700 | 1 | |0 (DE-588)130623644 |0 (DE-627)504649817 |0 (DE-576)298305283 |4 oth |a Meyer, Christian |d 1962- | |
| 710 | 2 | |0 (DE-588)10000022-8 |0 (DE-627)318899310 |0 (DE-576)197986722 |4 oth |a Arnold Schönberg Center | |
| 710 | 2 | |0 (DE-588)10060012-8 |0 (DE-627)366959182 |0 (DE-576)199554749 |4 oth |a Wissenschaftszentrum Arnold Schönberg | |
| 711 | 2 | |0 (DE-588)6039720-2 |0 (DE-627)483390283 |0 (DE-576)200273019 |4 oth |a Symposium Arnold Schönberg und Sein Gott |d 2002 |c Wien | |
| 810 | 2 | |a Arnold Schönberg Center |t Journal of the Arnold Schönberg Center |v 5 |9 500 |w (DE-627)320646688 |w (DE-576)087988674 |w (DE-600)2025479-9 |7 am | |
| 856 | 4 | 2 | |u https://www.gbv.de/dms/spk/sbb/toc/364822112.pdf |m V:DE-601 |m B:DE-1 |q pdf/application |v 2025-01-17 |3 Inhaltsverzeichnis |7 1 |
| 936 | r | v | |a LP 94569 |b Periodica, Gesammelte Beiträge, Nachschlagewerke |k Musikwissenschaft |k I. Musica theoretica |k Chronologischer Teil: Musica theoretica |k 20. und 21. Jahrhundert |k Einzelne Persönlichkeiten |k Persönlichkeiten S |k Schönberg, Arnold |k Periodica, Gesammelte Beiträge, Nachschlagewerke |0 (DE-627)1271397706 |0 (DE-625)rvk/108799: |0 (DE-576)201397706 |
| 936 | r | v | |a LP 94582 |b Spezielle biografische Beiträge |k Musikwissenschaft |k I. Musica theoretica |k Chronologischer Teil: Musica theoretica |k 20. und 21. Jahrhundert |k Einzelne Persönlichkeiten |k Persönlichkeiten S |k Schönberg, Arnold |k Spezielle biografische Beiträge |0 (DE-627)1271397773 |0 (DE-625)rvk/108807: |0 (DE-576)201397773 |
| 936 | b | k | |a 24.50 |j Historische Musikwissenschaft |0 (DE-627)106406027 |
| 936 | b | k | |a 24.55 |j Komponisten |j Musiker |j Sänger |0 (DE-627)181571099 |
| 951 | |a BO | ||
| ACO | |a 1 | ||
| ELC | |b 1 | ||
| ORI | |a SA-MARC-ixtheo_oa001.raw | ||
| REL | |a 1 | ||
| STA | 0 | 0 | |a Faith,Faith,Belief in God,Religiosity |
| STB | 0 | 0 | |a Foi,Foi,Religiosité |
| STC | 0 | 0 | |a Fe,Fe,Religiosidad |
| STD | 0 | 0 | |a Fede,Fede,Religiosità |
| STE | 0 | 0 | |a 信念,信念,信心,信德,信心,信德,宗教性 |
| STF | 0 | 0 | |a 信念,信念,信心,信德,信心,信德,宗教性 |
| STG | 0 | 0 | |a Fé,Fé,Religiosidade |
| STH | 0 | 0 | |a Вера (мотив),Вера,Религиозность |
| STI | 0 | 0 | |a Θρησκευτικότητα,Πίστη (μοτίβο),Πίστη |
| SUB | |a REL | ||
| SYA | 0 | 0 | |a Še͏̈nberg, A.,Schonberg, Arnold |
| SYG | 0 | 0 | |a Schönberg, A.,1874-1951,Schönberg,1874-1951,Schoenberg,1874-1951,Schenberg, A.,1874-1951,Šënberg, Arnolʹd,1874-1951,Šenberg, Arnol'd,1874-1951,Shenberg, Arnolʹd,1874-1951,Shenberg, A.,1874-1951,Schönberg, Arnold Franz Walter,1874-1951,Schoenberg, Arnold,1874-1951,Schönberg, Arnold Franz Walter,1874-1951,Schönberg, Arnold Franz Walter,1874-1951 , Religiösität,Religiösität , Glauben,Gottesglaube,Überzeugung |
| TIM | |a 100020020101_100020021231 |b 2002 - 2002 | ||



